000 00622nam a2200205Ii 4500
003 JO-AjNU
008 230605s9999||||xx |||||||||||||| ||und||
017 _a2002/11/2761
040 _aJO-AjNU
_bara
_erda
_cJO-AjNU
041 _aara
050 1 4 _aPJ7698.A55.Z68 2002
100 3 _aتأليف الهواري،تيسير,
_eauthor
_924287
245 0 0 _aشعر عمر بن العاص
264 3 1 _aعمان:وزارة الثقافة،2002
300 _a177ص
336 _atext
_btxt
_2rdacontent
337 _aunmediated
_bn
_2rdamedia
338 _avolume
_bnc
_2rdacarrier
650 4 _aالشعر العربي
_924288
999 _aA8920
_c12488
_d12488